000 00439nam a2200157Ia 4500
003 LK-CoDNM
008 010623t2000 xxu||||| |||| 00| 1 eng d
040 _aLK-CoDNM
_dLK-CoDNM
_eLK-CoDNM
041 _aeng
080 _a72
_bALW
100 _aAlwis,Lakshman.
245 _aBritish Period Architecture in Sri Lanka
260 _bVasthu Shilpa
_aColombo
_c2000
300 _b70pl., 30 260: Second 100: 955-95446-0-8 cm
942 _cBK
999 _c120019
_d120019